000 00324nam a2200133Ia 4500
008 191201s2002 xx 000 0 und d
082 _a005.133
_bTOF
100 _aTOLEDO, Raman Mata
245 0 _aFundamentals of SQL Programming
260 _aN.Delhi
_bTMH
_c2002
300 _a314
650 _aB.Tech(IT)
942 _2ddc
_cBK
999 _c3307
_d3307